[Event "Bhubaneswar op-A 14th"]
[Site "Bhubaneswar"]
[Date "2023.06.14"]
[Round "5"]
[White "Shivani, Senthilkumar"]
[Black "Majumder, Shrayan"]
[Result "0-1"]
[WhiteElo "1541"]
[BlackElo "1843"]
[PlyCount "96"]
[EventDate "2023.06.11"]
[EventType "swiss"]
[EventRounds "10"]
[EventCountry "IND"]
[SourceTitle "CBM 214 Extra"]
[Source "ChessBase"]
[SourceDate "2023.07.31"]
[SourceVersion "1"]
[SourceVersionDate "2023.07.31"]
[SourceQuality "1"]

1. e4 e6 2. d4 d5 3. Nd2 h6 4. e5 c5 5. c3 Nc6 6. Ndf3 Qb6 7. Bd3 cxd4 8. cxd4 Bb4+ 9. Kf1 Bd7 10. Ne2 Rc8 11. g3 Be7 12. Kg2 h5 13. h4 Nh6 14. b3 g6 15. Bxh6 Rxh6 16. Qd2 Rh8 17. Rac1 Kf8 18. Qf4 Kg7 19. g4 Nb4 20. Bb1 Rxc1 21. Rxc1 Bb5 22. Ng3 hxg4 23. Qxg4 Bd3 24. h5 Bxb1 25. Rxb1 Rh6 26. Rh1 Nd3 27. Nh4 g5 28. Nhf5+ exf5 29. Nxf5+ Kf8 30. Nxh6 Nf4+ 31. Kg1 Qxh6 32. Qc8+ Kg7 33. Qc7 Qe6 34. h6+ Kh7 35. Qc2+ Ng6 36. Qd3 Bf8 37. Qg3 Qf5 38. Kh2 Bxh6 39. Re1 g4 40. Kg1 Nf4 41. e6 Nxe6 42. Qe5 Qf3 43. Qh5 Ng5 44. Qh2 Qf6 45. Qg3 Nf3+ 46. Kf1 Nxe1 47. Kxe1 Qf4 48. Qd3+ Qe4+ 0-1

[Event "IND-ch U15 Girls 38th"]
[Site "New Delhi"]
[Date "2022.12.05"]
[Round "10"]
[White "Shivani, Senthilkumar"]
[Black "Dakshita, Kumawat"]
[Result "0-1"]
[WhiteElo "1355"]
[BlackElo "1628"]
[PlyCount "104"]
[EventDate "2022.11.28"]
[EventType "swiss"]
[EventRounds "11"]
[EventCountry "IND"]
[SourceTitle "CBM 211 Extra"]
[Source "ChessBase"]
[SourceDate "2023.01.31"]
[SourceVersion "1"]
[SourceVersionDate "2023.01.31"]
[SourceQuality "1"]

1. e4 e6 2. d4 d5 3. Bd3 Nf6 4. e5 Nfd7 5. Ne2 c5 6. c3 Nc6 7. Be3 cxd4 8. cxd4 Nb4 9. 0-0 Nxd3 10. Qxd3 Be7 11. Nbc3 0-0 12. f4 f5 13. h3 Nb6 14. g4 Bb4 15. gxf5 exf5 16. a3 Be7 17. Kh2 Be6 18. Rf2 a6 19. Rg1 Nc4 20. Rfg2 Rf7 21. Bc1 b5 22. Nd1 Kh8 23. Ne3 Qd7 24. Nc3 Rc8 25. Nxc4 Rxc4 26. Be3 Qc8 27. Rc1 Bd8 28. Rgc2 Rfc7 29. Rg2 Be7 30. Ne2 b4 31. Rcg1 Bf8 32. axb4 Bxb4 33. Bd2 Bxd2 34. Qxd2 Rc2 35. Qb4 Rb7 36. Qd6 Rbxb2 37. Ng3 h6 38. Qe7 Rb7 39. Qh4 Bf7 40. Rxc2 Qxc2+ 41. Rg2 Qc8 42. Nh5 Bxh5 43. Qxh5 a5 44. Qg6 a4 45. Qa6 Qd7 46. Ra2 Rb4 47. e6 Qc7 48. Kg3 Rb3+ 49. Kg2 Qxf4 50. Qa8+ Kh7 51. Qxd5 Rg3+ 52. Kh2 Rg6+ 0-1

[Event "Eastern Asia-ch U14 Girls"]
[Site "Tornelo INT"]
[Date "2021.10.22"]
[Round "3"]
[White "Nguyen, Hoang Thai Ngoc"]
[Black "Shivani, Senthilkumar"]
[Result "1-0"]
[WhiteElo "1372"]
[BlackElo "1111"]
[PlyCount "89"]
[EventDate "2021.10.22"]
[EventType "swiss"]
[EventRounds "9"]
[EventCountry "NET"]
[SourceTitle "EXT 2023"]
[Source "ChessBase"]
[SourceDate "2022.10.05"]
[SourceVersion "1"]
[SourceVersionDate "2022.10.05"]
[SourceQuality "1"]

1. d4 e6 2. c4 f5 3. Nc3 Nf6 4. Bf4 Bb4 5. e3 0-0 6. Nf3 b6 7. Be2 Bb7 8. 0-0 Bxc3 9. bxc3 d6 10. Qb3 c5 11. Rfd1 Na6 12. a4 Ne4 13. h3 g5 14. Bh2 g4 15. Nd2 Nxd2 16. Rxd2 gxh3 17. d5 exd5 18. cxd5 Qg5 19. Bf3 hxg2 20. Bf4 Qg6 21. Kh2 Rf7 22. Rg1 Kh8 23. Rxg2 Qf6 24. Bg5 Qe5+ 25. Bf4 Qf6 26. Bg5 Qe5+ 27. Rg3 h6 28. Bf4 Qf6 29. Rd1 Qh4+ 30. Kg2 Rh7 31. Bxd6 Qf6 32. Bf4 Rg8 33. Rxg8+ Kxg8 34. d6+ Kf8 35. Bxb7 Rxb7 36. Qb5 Rg7+ 37. Bg3 Nb8 38. d7 Qd8 39. Qb1 Nxd7 40. Qxf5+ Qf6 41. Qd5 Qe7 42. Kf1 Nf6 43. Qc6 Qb7 44. Qxf6+ Rf7 45. Rd8# 1-0

[Event "FISCA Online op"]
[Site "Chess.com INT"]
[Date "2020.06.22"]
[Round "4"]
[White "Shivani, Senthilkumar"]
[Black "Duong, Vu Anh"]
[Result "1-0"]
[WhiteElo "1191"]
[BlackElo "1410"]
[PlyCount "77"]
[EventDate "2020.06.19"]
[EventType "swiss"]
[EventRounds "9"]
[EventCountry "ROU"]
[SourceTitle "CBM 197 Extra"]
[Source "ChessBase"]
[SourceDate "2020.09.30"]
[SourceVersion "1"]
[SourceVersionDate "2020.09.30"]
[SourceQuality "1"]

1. e4 c6 2. d4 d5 3. Nc3 dxe4 4. Nxe4 Bf5 5. Ng3 Bg6 6. h4 h6 7. h5 Bh7 8. Nf3 e6 9. Bd3 Bxd3 10. Qxd3 Nf6 11. Bd2 Be7 12. 0-0-0 Nbd7 13. Ne4 Nxe4 14. Qxe4 Qc7 15. Kb1 Nf6 16. Qe2 0-0-0 17. Ne5 Rhf8 18. Nxf7 Rxd4 19. Bc3 Re4 20. Qd3 Rxf7 21. Bxf6 Rf4 22. Bc3 Bf6 23. f3 Rf5 24. Qe3 Kb8 25. Qxe6 Bg5 26. g4 Rb5 27. Qe8+ Qc8 28. Qxf7 Bd8 29. Rhe1 Rd5 30. Rxd5 cxd5 31. Re8 d4 32. Bxd4 a6 33. Qf4+ Ka8 34. Qd6 b5 35. Rxd8 Qxd8 36. Qxd8+ Kb7 37. Qd7+ Kb8 38. Be5+ Ka8 39. Qc8+ 1-0